名前に数字が入った市区町村 (2000年) - Statistics

General Stats
  • This quiz has been taken 86 times
    81 since last reset
  • The average score is 73 of 212
Answer Stats
都道府県 市区町村名 % Correct
愛知県 一宮市
92%
岩手県 一関市
87%
岩手県 二戸市
83%
岩手県 一戸町
77%
青森県 八戸市
75%
栃木県 | 神奈川県 二宮町
73%
兵庫県(宍粟郡) | 兵庫県(津名郡) | 千葉県 | +2 others 一宮町
70%
青森県 三戸町
68%
千葉県 八千代市
68%
青森県 十和田市
67%
青森県 五戸町
65%
石川県 七尾市
65%
青森県 六戸町
63%
青森県 七戸町
63%
千葉県 千葉市
63%
福島県 二本松市
62%
千葉県 四街道市
62%
東京都 八王子市
62%
岩手県 九戸村
62%
兵庫県 | 広島県 | 茨城県 八千代町
62%
東京都 三鷹市
60%
新潟県 三条市
60%
三重県 四日市市
60%
静岡県 三島市
58%
京都府 八幡市
58%
千葉県 九十九里町
58%
青森県 三沢市
57%
千葉県 八街市
57%
広島県 廿日市市
57%
東京都 千代田区
57%
北海道 千歳市
57%
兵庫県 三木市
55%
兵庫県 三田市
55%
大阪府 四條畷市
53%
岐阜県 八百津町
53%
埼玉県 三郷市
52%
千葉県 八日市場市
52%
新潟県 十日町市
52%
佐賀県 | 広島県 | 群馬県 | 茨城県 千代田町
52%
広島県 三次市
50%
大阪府 | 新潟県 | 福島県 三島町
50%
青森県 五所川原市
50%
滋賀県 八日市市
50%
愛媛県 八幡浜市
50%
熊本県 八代市
50%
北海道 三笠市
48%
神奈川県 三浦市
48%
奈良県 五條市
48%
埼玉県 八潮市
48%
徳島県 | 愛知県 三好町
47%
青森県 六ヶ所村
47%
宮城県 七ヶ浜町
47%
大阪府 八尾市
47%
鹿児島県 三島村
45%
滋賀県 近江八幡市
45%
東京都 八丈町
45%
埼玉県 三芳町
43%
奈良県 三郷町
43%
熊本県 五木村
43%
宮城県 七ヶ宿町
43%
大分県 九重町
43%
三重県 一志町
42%
広島県 三原市
42%
東京都 三宅村
42%
新潟県 六日町
42%
愛媛県 伊予三島市
40%
香川県 三木町
40%
新潟県 五泉市
40%
北海道 七飯町
40%
福岡県 八女市
40%
福岡県 北九州市
40%
山梨県 上九一色村
40%
山形県 三川町
38%
宮崎県 五ヶ瀬町
38%
岩手県 陸前高田市
38%
秋田県 八郎潟町
38%
山形県 | 岐阜県 八幡町
38%
奈良県 十津川村
38%
北海道 新十津川町
37%
鹿児島県 十島村
37%
奈良県 三宅町
35%
大分県 三重町
33%
秋田県 五城目町
33%
茨城県 五霞町
33%
岐阜県 七宗町
33%
栃木県 上三川町
32%
高知県 三原村
32%
北海道 八雲町
32%
和歌山県 九度山町
32%
大分県 玖珠町
32%
青森県 十和田湖町
32%
愛知県 十四山村
32%
新潟県 小千谷市
32%
岩手県 三陸町
30%
京都府 | 広島県(双三郡) | 広島県(神石郡) | +2 others 三和町
30%
兵庫県 三原町
30%
長崎県 上五島町
30%
岐阜県 安八町
30%
青森県 百石町
30%
大阪府 千早赤阪村
30%
愛知県 一色町
28%
福井県 三方町
28%
島根県 六日市町
28%
秋田県 八森町
28%
熊本県 一の宮町
27%
秋田県 二ツ井町
27%
長野県 三郷村
27%
茨城県 常陸太田市
27%
山梨県 | 秋田県 六郷町
27%
群馬県 六合村
27%
富山県 八尾町
27%
長野県 八千穂村
27%
徳島県 | 香川県 三野町
25%
島根県 五箇村
25%
北海道 陸別町
25%
福井県 三国町
23%
宮崎県 三股町
23%
山口県 玖珂町
23%
三重県 二見町
22%
鳥取県 三朝町
22%
熊本県 三加和町
22%
山梨県 八代町
22%
愛媛県 五十崎町
22%
宮城県 一迫町
20%
新潟県 三川村
20%
静岡県 三ヶ日町
20%
長野県 四賀村
20%
滋賀県 五個荘町
20%
愛知県 七宝町
20%
秋田県 十文字町
20%
福岡県 二丈町
18%
青森県 三厩村
18%
福島県 三春町
18%
新潟県 三和村
18%
福岡県 三潴町
18%
茨城県 七会村
18%
茨城県 八郷町
18%
兵庫県 八鹿町
18%
岩手県 千厩町
18%
宮崎県 高千穂町
18%
千葉県 三芳村
17%
鳥取県 八東町
17%
茨城県 十王町
17%
北海道 三石町
15%
宮城県 三本木町
15%
佐賀県 | 兵庫県 三日月町
15%
愛媛県 大三島町
15%
愛媛県 三崎町
15%
熊本県 三角町
15%
熊本県 五和町
15%
佐賀県 七山村
15%
千葉県 千倉町
15%
愛媛県 一本松町
13%
山梨県 三富村
13%
佐賀県 三田川町
13%
石川県 七塚町
13%
秋田県 八竜町
13%
京都府 八木町
13%
島根県 八束町
13%
長崎県 千々石町
13%
徳島県 一宇村
12%
山口県 | 島根県 三隅町
12%
福岡県 三輪町
12%
佐賀県 三瀬村
12%
兵庫県 五色町
12%
愛知県 八開村
12%
岡山県 八束村
12%
大分県 千歳村
12%
島根県 三刀屋町
10%
徳島県 三加茂町
10%
愛媛県 三瓶町
10%
愛媛県 三間町
10%
茨城県 千代川村
10%
山梨県 三珠町
8%
長野県 三水村
8%
福岡県 三橋町
8%
佐賀県 三根町
8%
山梨県 八田村
8%
兵庫県 千種町
8%
熊本県 千丁町
8%
長野県 三岳村
7%
熊本県 七城町
7%
島根県 八雲村
7%
高知県 十和村
7%
秋田県 千畑町
7%
広島県 三良坂町
5%
大分県 三光村
5%
長野県 八坂村
5%
三重県 三雲町
3%
長崎県 三井楽町
3%
No matching quizzes found
Score Distribution
Percent of People with Each Score
Percentile by Number Answered
Your Score History
You have not taken this quiz since the last reset